<?xml version="1.0" encoding="UTF-8"?>
<record
    xmlns:xsi="http://www.w3.org/2001/XMLSchema-instance"
    xsi:schemaLocation="http://www.loc.gov/MARC21/slim http://www.loc.gov/standards/marcxml/schema/MARC21slim.xsd"
    xmlns="http://www.loc.gov/MARC21/slim">

  <leader>02135nam a2200241 a 4500</leader>
  <controlfield tag="001">000020927</controlfield>
  <controlfield tag="003">DO-SdBNP</controlfield>
  <controlfield tag="005">20250307115016.0</controlfield>
  <controlfield tag="007">ta</controlfield>
  <controlfield tag="008">100824s1982    dr ac         001 0 spa d</controlfield>
  <datafield tag="040" ind1=" " ind2=" ">
    <subfield code="a">DO-SdBNP</subfield>
    <subfield code="b">spa</subfield>
    <subfield code="c">BNPHU</subfield>
  </datafield>
  <datafield tag="082" ind1=" " ind2="4">
    <subfield code="a">338.97203</subfield>
    <subfield code="b">P769e</subfield>
    <subfield code="2">22</subfield>
  </datafield>
  <datafield tag="245" ind1="0" ind2="3">
    <subfield code="a">La pol&#xED;tica econ&#xF3;mica en la Rep&#xFA;blica Dominicana </subfield>
  </datafield>
  <datafield tag="260" ind1=" " ind2=" ">
    <subfield code="a">Santo Domingo :</subfield>
    <subfield code="b">ANJE,</subfield>
    <subfield code="c">1982.</subfield>
  </datafield>
  <datafield tag="300" ind1=" " ind2=" ">
    <subfield code="a">323 p. :</subfield>
    <subfield code="b">il., retrs ;</subfield>
    <subfield code="c">21 cm.</subfield>
  </datafield>
  <datafield tag="505" ind1="0" ind2=" ">
    <subfield code="a">Primera parte Seminario Anje 1979 -- Discurso de orden por el director del seminario / Guillermo Roig -- Jacobo Majluta/ El estado como empresario -- Eduardo Fern&#xE1;ndez P. / Aportes del Banco Central al desarrollo empresarial dominicano -- Fernando a. Sili&#xE9; Gat&#xF3;n / Pol&#xED;tica fiscal como incentivo del desarrollo -- Marino ginebra / Los j&#xF3;venes empresario ante el papel del estado en la econ&#xF3;mia mixta -- Seminario Anje 1980 -- Frank Moya Pons / El impacto de la industrializaci&#xF3;n en la sociedad dominicana en la siglo xx : historia y perpectivas -- Tom&#xE1;s A. Pastoriza / Fuentes de Financiamiento del desarrollo industrial en la Rep&#xFA;blica Dominicana -- Jos&#xE9; Luis Alem&#xE1;n / Ley de incentivo industrial. An&#xE1;lisis y comentarios -- Jorge Abbott / Los Jovenes Empresarios y el desarrollo industrial en la Rep&#xFA;blica Dominicana -- Seminario Anje 1981 / Por un aumento de la producci&#xF3;n nacional -- Mario Cabrera / El sector empresarial y la producci&#xF3;n -- Manuel Jos&#xE9; Cabral /Marco econ&#xF3;mico de la producci&#xF3;n: pasado, presente y futuro -- Frank A. Tejada / La producci&#xF3;n y su financiamiento -- Bernardo Vega / Pol&#xED;tica econ&#xF3;mica y tributaria y su efecto sobre la producci&#xF3;n -- Jos&#xE9; Manuel Trullols / Aumento en la producci&#xF3;n : reto al desarrollo econ&#xF3;mico dominicano -- Palabras de clausura del seminario por el se&#xF1;or Frederich Berg&#xE9;s</subfield>
  </datafield>
  <datafield tag="590" ind1=" " ind2=" ">
    <subfield code="a">Inventariado, 2022/BT</subfield>
  </datafield>
  <datafield tag="651" ind1=" " ind2="4">
    <subfield code="a">Rep&#xFA;blica Dominicana</subfield>
    <subfield code="x">Pol&#xED;tica econ&#xF3;mica</subfield>
    <subfield code="9">643</subfield>
  </datafield>
  <datafield tag="651" ind1=" " ind2="4">
    <subfield code="a">Rep&#xFA;blica Dominicana</subfield>
    <subfield code="x">Condiciones econ&#xF3;micas</subfield>
    <subfield code="9">281</subfield>
  </datafield>
  <datafield tag="710" ind1="2" ind2=" ">
    <subfield code="a">Asociaci&#xF3;n Nacional de J&#xF3;venes Empresarios (Rep&#xFA;blica Dominicana)</subfield>
    <subfield code="9">18693</subfield>
  </datafield>
  <datafield tag="910" ind1=" " ind2=" ">
    <subfield code="a">Validado. Control de calidad MFF</subfield>
  </datafield>
  <datafield tag="942" ind1=" " ind2=" ">
    <subfield code="2">ddc</subfield>
    <subfield code="c">LBS1</subfield>
  </datafield>
  <datafield tag="952" ind1=" " ind2=" ">
    <subfield code="0">0</subfield>
    <subfield code="1">0</subfield>
    <subfield code="2">ddc</subfield>
    <subfield code="5">1</subfield>
    <subfield code="7">0</subfield>
    <subfield code="8">PD</subfield>
    <subfield code="a">BNPHU</subfield>
    <subfield code="b">BNPHU</subfield>
    <subfield code="c">HD</subfield>
    <subfield code="d">2010-08-24</subfield>
    <subfield code="i">LF1</subfield>
    <subfield code="l">0</subfield>
    <subfield code="o">BNPHU PD 338.97293 P769e</subfield>
    <subfield code="p">20927-10</subfield>
    <subfield code="r">2020-06-25</subfield>
    <subfield code="w">2020-06-25</subfield>
    <subfield code="y">LBS1</subfield>
  </datafield>
  <datafield tag="952" ind1=" " ind2=" ">
    <subfield code="0">0</subfield>
    <subfield code="1">0</subfield>
    <subfield code="2">ddc</subfield>
    <subfield code="7">1</subfield>
    <subfield code="a">BNPHU</subfield>
    <subfield code="b">BNPHU</subfield>
    <subfield code="d">2022-01-12</subfield>
    <subfield code="e">Donaci&#xF3;n</subfield>
    <subfield code="l">0</subfield>
    <subfield code="o">BNPHU PD 338.97293 P769e</subfield>
    <subfield code="p">20927-20</subfield>
    <subfield code="r">2022-01-12</subfield>
    <subfield code="t">e.2</subfield>
    <subfield code="w">2022-01-12</subfield>
    <subfield code="y">LBS1</subfield>
  </datafield>
  <datafield tag="952" ind1=" " ind2=" ">
    <subfield code="0">0</subfield>
    <subfield code="1">0</subfield>
    <subfield code="2">ddc</subfield>
    <subfield code="5">6</subfield>
    <subfield code="7">0</subfield>
    <subfield code="8">DS</subfield>
    <subfield code="a">BNPHU</subfield>
    <subfield code="b">BNPHU</subfield>
    <subfield code="c">HD</subfield>
    <subfield code="d">2022-01-12</subfield>
    <subfield code="e">Donaci&#xF3;n</subfield>
    <subfield code="l">0</subfield>
    <subfield code="o">BNPHU DS 338.97293 P769e</subfield>
    <subfield code="p">20927-30</subfield>
    <subfield code="r">2022-01-12</subfield>
    <subfield code="t">e.3</subfield>
    <subfield code="w">2022-01-12</subfield>
    <subfield code="y">LBS1</subfield>
  </datafield>
  <datafield tag="999" ind1=" " ind2=" ">
    <subfield code="c">20430</subfield>
    <subfield code="d">20430</subfield>
  </datafield>
</record>
